Statistiques concernant Les communes du Pays de la Loire sur le littoral

Cliquez ici pour prendre le quiz!

Statistiques générales

  • Ce quiz a été pris 197 fois
  • Le résultat moyen est 15 sur 38

Réponses sur la Carte

Les réponses sont colorées sur une échelle allant du rouge au vert en fonction du pourcentage des utilisateurs qui les ont devinées à leur premier essai. Vous pouvez retrouver ces pourcentages ci-dessous.
 

Statistiques - réponses

Réponse% Correct
Pornic
91%
Les Sables-d'Olonne
89%
Saint-Nazaire
87%
Pornichet
70%
Guérande
69%
La Baule-Escoublac
65%
Saint-Jean-de-Monts
58%
Le Croisic
57%
Saint-Gilles-Croix-de-Vie
56%
Saint-Brevin-les-Pins
52%
Le Pouliguen
51%
La Tranche-sur-Mer
46%
Saint-Hilaire-de-Riez
46%
Saint-Michel-Chef-Chef
46%
Notre-Dame-de-Monts
37%
Batz-sur-Mer
36%
La Turballe
36%
Bretignolles-sur-Mer
35%
La Faute-sur-Mer
33%
La Bernerie-en-Retz
32%
La Barre-de-Monts
29%
Talmont-Saint-Hilaire
29%
Piriac-sur-Mer
28%
Bouin
27%
L'Aiguillon-sur-Mer
27%
Préfailles
27%
Jard-sur-Mer
26%
Beauvoir-sur-Mer
24%
Les Moutiers-en-Retz
24%
Longeville-sur-Mer
24%
La Plaine-sur-Mer
22%
Mesquer
20%
Assérac
16%
Saint-Michel-en-l'Herm
12%
Saint-Vincent-sur-Jard
11%
Champagné-les-Marais
9%
Triaize
9%
Puyravault
6%

Distribution des résultats

Percentile par nombre de réponses

% des personnes avec chaque résultat

Votre développement - résultats

Vous n’avez pas pris ce quiz